Catalog

Record Details

Catalog Search



Available copies

  • 1 of 1 copy available at LARL/NWRL Consortium.

Current holds

0 current holds with 1 total copy.

Show Only Available Copies
Location Call Number / Copy Notes Barcode Shelving Location Status Due Date
Greenbush Public Library ANE (Text) 35500005476732 Main Available -

Record details

  • ISBN: 9780765333681 (bound)
  • ISBN: 0765333686 (bound)
  • Physical Description: 302 pages ; 25 cm.
  • Edition: First edition.
  • Publisher: New York : Forge, 2015.

Content descriptions

General Note:
"A Tom Doherty Associates book."
Summary, etc.:
Dr. Regina Dickerson is a Catholic physician in ... Read More
Subject: Physicians > Fiction.
Genetics > Research > Fiction.
San Diego (Calif.) > Fiction.
Genre: Suspense fiction.
Medical novels.
LDR 01942cam a2200409 i 4500
001176481
003LARL_NWRL_CONSORTIUM
00520150209085208.0
008150205t20152014nyu 000 1 eng d
010 . ‡a2014501223
020 . ‡a9780765333681 (bound)
020 . ‡a0765333686 (bound)
035 . ‡a(OCoLC)879582574
040 . ‡aYDXCP ‡beng ‡erda ‡cYDXCP ‡dDLC ‡dBTCTA ‡dBDX ‡dUKMGB ‡dIEP ‡dDAD ‡dVP@ ‡dCDX ‡dGZD
042 . ‡alccopycat
043 . ‡an-us-ca
049 . ‡aNRG
08204. ‡a813/.6 ‡223
099 . ‡aMYS
1001 . ‡aAnekwe, Adolphus A., ‡eauthor.
24510. ‡aMark of the beast / ‡cAdolphus A. Anekwe.
250 . ‡aFirst edition.
260 . ‡aNew York : ‡bForge, ‡c2015.
260 . ‡c℗♭2014.
300 . ‡a302 pages ; ‡c25 cm.
336 . ‡atext ‡2rdacontent.
337 . ‡aunmediated ‡2rdamedia.
338 . ‡avolume ‡2rdacarrier.
500 . ‡a"A Tom Doherty Associates book."
520 . ‡aDr. Regina Dickerson is a Catholic physician in San Diego who has discovered that there is a certain genetic marker that indicates the carrier is prone to psychotic violence. Working on blood from prison inmates, her theory begins to prove itself time and again with violent offenders. As Dickerson's work begins to show results and catches the attention of the media, people begin to fear that witch hunts will result if forcible testing is carried out. Meanwhile, a race begins to find a cure. With science and religion at odds, Dickerson must find her own answers while trying to escape those who want to put an end to her inflammatory research.
650 0. ‡aPhysicians ‡vFiction. ‡0(LARL_NWRL_CONSORTIUM)166575
650 0. ‡aGenetics ‡xResearch ‡vFiction.
651 0. ‡aSan Diego (Calif.) ‡vFiction. ‡0(LARL_NWRL_CONSORTIUM)167288
655 7. ‡aSuspense fiction. ‡2gsafd.
655 7. ‡aMedical novels. ‡2gsafd.
901 . ‡a176481 ‡bISxN ‡c176481 ‡tbiblio

Additional Resources